Historia del Teatro Real / (Record no. 112168)

MARC details
000 -LEADER
campo de control de longitud fija 00854nam a2200253 i 4500
001 - NÚMERO DE CONTROL
campo de control 112168
003 - IDENTIFICADOR DE NÚMERO DE CONTROL
campo de control ES-MaACL
005 - FECHA Y HORA DE LA ÚLTIMA TRANSACCIÓN
campo de control 20250605063105.0
007 - CAMPO FIJO DE DESCRIPCIÓN FÍSICA--INFORMACIÓN GENERAL
campo de control de longitud fija t|
008 - DATOS DE LONGITUD FIJA--INFORMACIÓN GENERAL
campo de control de longitud fija 061121s1946 sp f r ||||1| spa d
040 ## - FUENTE DE CATALOGACIÓN
Centro/agencia transcriptor ES-MaACL
080 ## - NÚMERO DE LA CLASIFICACIÓN DECIMAL UNIVERSAL
Número de la Clasificación Decimal Universal 792(460.27 M.)Teatro Real
100 1# - ENTRADA PRINCIPAL--NOMBRE DE PERSONA
Nombre de persona Muñoz, Matilde
9 (RLIN) 84332
Término indicativo de función/relación Autor
245 10 - MENCIÓN DEL TÍTULO
Título Historia del Teatro Real /
Mención de responsabilidad, etc. Matilde Muñoz ; prólogo del Marqués de Valdeiglesias.
250 ## - MENCION DE EDICION
Mención de edición 1ª ed.
260 ## - PUBLICACIÓN, DISTRIBUCIÓN, ETC.
Lugar de publicación, distribución, etc. Madrid :
Nombre del editor, distribuidor, etc. Tesoro,
Fecha de publicación, distribución, etc. 1946.
300 ## - DESCRIPCIÓN FÍSICA
Extensión 293 p., 7 lám. ;
Dimensiones 21 cm.
610 24 - PUNTO DE ACCESO ADICIONAL DE MATERIA--NOMBRE DE ENTIDAD CORPORATIVA
Nombre de entidad corporativa o nombre de jurisdicción como elemento de entrada Teatro Real (Madrid)-
Subdivisión de forma Historia
9 (RLIN) 6927
700 1# - ENTRADA AGREGADA--NOMBRE PERSONAL
Nombre de persona Valdeiglesias, Alfredo Escobar y Ramírez,
Títulos y otros términos asociados al nombre Marqués de,
Fechas asociadas al nombre 1858-1949
9 (RLIN) 155268
Término indicativo de función/relación Autor de introducción
852 ## - LOCALIZACIÓN
Ubicación ES-MaACL
Número de control de estantería B-10584
Sublocalización o colección R.22275
Encuadernación Encuadernación cartoné
Ubicación en estantería Sala Pardo Bazán
942 ## - ELEMENTOS DE ENTRADA SECUNDARIOS (KOHA)
Tipo de ítem Koha Libro impreso
Suprimir en OPAC No
Holdings
Estatus retirado Estado de pérdida Estado de daño No para préstamo Biblioteca de origen Biblioteca actual Ubicación en estantería Fecha de adquisición Fuente de adquisición Total de préstamos Signatura topográfica completa Código de barras Visto por última vez Precio de reemplazo Tipo de ítem Koha
        Biblioteca del Ateneo de Madrid Biblioteca del Ateneo de Madrid Sala Pardo Bazán 17/01/2008     B-10584 1117008 23/02/2023 23/02/2023 Libro impreso